| 000 | 00540nam a2200169 i 4500 | ||
|---|---|---|---|
| 001 | bg | ||
| 100 | 1 | _aGIERZYŃSKA-DOLNA, Monika | |
| 245 | 0 |
_aMaszyny do obróbki plastycznej. _nCz. 2, _pMaszyny kuźnicze (skrypt do wykładów) / _cMonika Gierzyńska-Dolna ; Politechnika Częstochowska. |
|
| 260 |
_aCzęstochowa : _bPC, _c1984. |
||
| 300 |
_a236 s. : _bfot., rys., wykr. ; _c25 cm. |
||
| 504 | _aBibliogr. s. 236. | ||
| 040 | _cBPK | ||
| 041 | _apol | ||
| 080 | _a621.7(075.8) | ||
| 942 | _cKS | ||
| 008 | s pl f |000 0 pol | ||
| 999 |
_c3167 _d3167 |
||
| 856 |
_uhttp://koha.tu.koszalin.pl/cgi-bin/koha/opac-detail.pl?biblionumber=3167 _yKatalog online BPK |
||